Culture Générale - Série 2112 - Statistiques

Statistiques générales
  • Ce quiz a été pris 98 fois
  • Le résultat moyen est 4 sur 10
Statistiques - réponses
Question Réponse % Correct
Quel département français porte le numéro 15 ? Cantal
78%
Quel est le nom donné à un nuage d'orage ? cumulonimbus
65%
De que pays Douchanbé est-elle la capitale ? Tadjikistan
57%
Dans le roman de cape et d'épée de Paul Féval, "Le Bossu", le coup d'épée redoutable porté au front, se nomme : "la botte de .... Nevers
45%
Pour quelle maladie de la plante (tomate, pomme de terre) utilise-t-on au jardin de la bouillie bordelaise ? mildiou
40%
Dans quelle ville française a lieu généralement la vente aux enchères de yearlings ? Deauville
37%
Condiment produit à partir de boutons floraux, très présent dans la cuisine méridionale, et dont l'anagramme est un poisson câpre
16%
Comment se nomme cet arbuste reconnu en général par son abondante floraison ornementale jaune d'or ? voir photo forsythia
13%
Dans " Au service secret de sa majesté", en 1969, quel acteur incarnait James Bond ? prénom et nom Georges Lazenby
11%
Quel minéral jaune et brillant comme de l'or est surnommé "l'or des fous" ? pyrite
8%
Aucun quiz correspondant
Distribution des résultats
% des personnes avec chaque résultat
Percentile par nombre de réponses
Votre historique - résultats
Vous n’avez pas pris ce quiz